Eastern Utah Libraries Catalog: Duchesne, Heber, Roosevelt, & Vernal

Escape from Alcatraz (Record no. 284255)

MARC details
000 -LEADER
fixed length control field 03449cgm a2200721Ia 4500
001 - CONTROL NUMBER
control field ocm41444266
003 - CONTROL NUMBER IDENTIFIER
control field OCoLC
005 - DATE AND TIME OF LATEST TRANSACTION
control field 20200320192634.0
007 - PHYSICAL DESCRIPTION FIXED FIELD--GENERAL INFORMATION
fixed length control field vd cvaizm
008 - FIXED-LENGTH DATA ELEMENTS--GENERAL INFORMATION
fixed length control field 990527p19991979cau111 g vleng d
020 ## - INTERNATIONAL STANDARD BOOK NUMBER
Terms of availability 15.95
024 1# - OTHER STANDARD IDENTIFIER
Standard number or code 883929304226
028 42 - PUBLISHER NUMBER
Publisher number 012567
Source Paramount Home Video
035 ## - SYSTEM CONTROL NUMBER
System control number (OCoLC)41444266
040 ## - CATALOGING SOURCE
Original cataloging agency KCP
Language of cataloging eng
Transcribing agency KCP
Modifying agency JED
-- OCL
-- BTCTA
-- OCLCA
-- OTP
-- EMU
-- NTD
-- TXI
-- OCLCA
-- OCLCQ
-- JP3
-- SXP
-- DAC
-- WACOL
041 1# - LANGUAGE CODE
Language code of text/sound track or separate title eng
-- fre
-- eng
Language code of original and/or intermediate translations of text eng
043 ## - GEOGRAPHIC AREA CODE
Geographic area code n-us-ca
049 ## - LOCAL HOLDINGS (OCLC)
Holding library WACL
050 #4 - LIBRARY OF CONGRESS CALL NUMBER
Classification number PN1997
Item number .E76
082 04 - DEWEY DECIMAL CLASSIFICATION NUMBER
Classification number 791.43/72
Edition number 21
092 ## - LOCALLY ASSIGNED DEWEY CALL NUMBER (OCLC)
Classification number DVD
Item number Esc
245 00 - TITLE STATEMENT
Title Escape from Alcatraz
Medium [videorecording] /
Statement of responsibility, etc Paramount Pictures presents a Malpaso Company / Siegel Film ; screenplay by Richard Tuggle ; produced and directed by Donald Siegel.
260 ## - PUBLICATION, DISTRIBUTION, ETC. (IMPRINT)
Place of publication, distribution, etc Hollywood, Calif. :
Name of publisher, distributor, etc Paramount Pictures,
Date of publication, distribution, etc c1999.
300 ## - PHYSICAL DESCRIPTION
Extent 1 videodisc (111 min.) :
Other physical details sd., col. ;
Dimensions 4 3/4 in.
490 1# - SERIES STATEMENT
Series statement Widescreen DVD collection
538 ## - SYSTEM DETAILS NOTE
System details note DVD; NTSC; Region 1; widescreen format; Dolby digital sound.
546 ## - LANGUAGE NOTE
Language note English or French language soundtrack (mono); closed-captioned in English for the hearing impaired.
511 1# - PARTICIPANT OR PERFORMER NOTE
Participant or performer note Clint Eastwood, Patrick McGoohan, Roberts Blossom, Jack Thibeau, Fred Ward, Paul Benjamin, Larry Hankin, Bruce M. Fischer, Frank Ronzio, Fred Stuthman.
508 ## - CREATION/PRODUCTION CREDITS NOTE
Creation/production credits note Music, Jerry Fielding ; editing, Ferris Webster ; director of photography, Bruce Surtees.
500 ## - GENERAL NOTE
General note Based on the book by J. Campbell Bruce.
500 ## - GENERAL NOTE
General note Originally produced as a motion picture in 1979.
520 ## - SUMMARY, ETC.
Summary, etc An account of the only three men ever to escape from the infamous maximum security prison at Alcatraz. Eastwood portrays Frank Morris, the cunning bank robber who masterminded the elaborately detailed and, as far as anyone knows, ultimately successful, escape.
521 8# - TARGET AUDIENCE NOTE
Target audience note MPAA rating: PG.
600 10 - SUBJECT ADDED ENTRY--PERSONAL NAME
Personal name Bruce, J. Campbell
Fuller form of name (John Campbell),
Dates associated with a name 1906-
Form subdivision Film adaptations.
9 (RLIN) 5890334
650 #0 - SUBJECT ADDED ENTRY--TOPICAL TERM
Topical term or geographic name as entry element Escapes
Geographic subdivision California
Form subdivision Drama.
9 (RLIN) 5890335
650 #0 - SUBJECT ADDED ENTRY--TOPICAL TERM
Topical term or geographic name as entry element Prisons
Form subdivision Drama.
9 (RLIN) 5732405
610 20 - SUBJECT ADDED ENTRY--CORPORATE NAME
Corporate name or jurisdiction name as entry element United States Penitentiary, Alcatraz Island, California
Form subdivision Drama.
9 (RLIN) 5890336
600 10 - SUBJECT ADDED ENTRY--PERSONAL NAME
Personal name Morris, Frank
Fuller form of name (Frank Lee)
Form subdivision Biography
-- Drama.
9 (RLIN) 5890337
600 10 - SUBJECT ADDED ENTRY--PERSONAL NAME
Personal name Anglin, Clarence
Form subdivision Biography
-- Drama.
9 (RLIN) 5890338
600 10 - SUBJECT ADDED ENTRY--PERSONAL NAME
Personal name Anglin, John
Form subdivision Biography
-- Drama.
9 (RLIN) 5890339
655 #7 - INDEX TERM--GENRE/FORM
Genre/form data or focus term Feature films.
Source of term lcgft
9 (RLIN) 5890340
655 #7 - INDEX TERM--GENRE/FORM
Genre/form data or focus term Prison films.
Source of term lcgft
9 (RLIN) 5755490
655 #7 - INDEX TERM--GENRE/FORM
Genre/form data or focus term Video recordings for the hearing impaired.
Source of term lcgft
9 (RLIN) 5890341
700 1# - ADDED ENTRY--PERSONAL NAME
Personal name Siegel, Don,
Dates associated with a name 1912-1991.
9 (RLIN) 32299
700 1# - ADDED ENTRY--PERSONAL NAME
Personal name Tuggle, Richard,
Dates associated with a name 1948-
9 (RLIN) 69689
700 1# - ADDED ENTRY--PERSONAL NAME
Personal name Eastwood, Clint,
Dates associated with a name 1930-
9 (RLIN) 2607
700 1# - ADDED ENTRY--PERSONAL NAME
Personal name McGoohan, Patrick,
Dates associated with a name 1928-2009.
9 (RLIN) 5795080
700 1# - ADDED ENTRY--PERSONAL NAME
Personal name Blossom, Roberts.
9 (RLIN) 5890342
700 1# - ADDED ENTRY--PERSONAL NAME
Personal name Thibeau, Jack.
9 (RLIN) 5890343
700 1# - ADDED ENTRY--PERSONAL NAME
Personal name Ward, Fred,
Dates associated with a name 1942-
9 (RLIN) 5796403
700 1# - ADDED ENTRY--PERSONAL NAME
Personal name Benjamin, Paul,
Dates associated with a name 1938-
9 (RLIN) 5890344
700 1# - ADDED ENTRY--PERSONAL NAME
Personal name Hankin, Larry.
9 (RLIN) 5890345
700 1# - ADDED ENTRY--PERSONAL NAME
Personal name Bruce, J. Campbell
Fuller form of name (John Campbell),
Dates associated with a name 1906-
Title of a work Escape from Alcatraz.
9 (RLIN) 5890346
710 2# - ADDED ENTRY--CORPORATE NAME
Corporate name or jurisdiction name as entry element Paramount Pictures Corporation.
9 (RLIN) 7712
710 2# - ADDED ENTRY--CORPORATE NAME
Corporate name or jurisdiction name as entry element Malpaso (Company)
9 (RLIN) 37512
710 2# - ADDED ENTRY--CORPORATE NAME
Corporate name or jurisdiction name as entry element Paramount Home Video (Firm)
9 (RLIN) 30620
830 #0 - SERIES ADDED ENTRY--UNIFORM TITLE
Uniform title Widescreen DVD collection.
9 (RLIN) 58286
938 ## -
-- Baker and Taylor
-- BTCP
-- be2003020985
942 ## - ADDED ENTRY ELEMENTS (KOHA)
Koha item type DVD
948 ## - LOCAL PROCESSING INFORMATION (OCLC); SERIES PART DESIGNATOR (RLIN)
Series part designator, SPT (RLIN) 08/01/2014
z (OCLC) Sirsi
994 ## -
-- 02
-- WACOL
996 ## -
-- 111018
-- 34301001301243
-- DVD
-- DVD
-- wcl
-- i
-- 20
-- 15.95
-- amazon
-- Esc
-- 08/01/2014
-- 09/05/2019
-- 08/29/2019
Holdings
Withdrawn status Lost status Source of classification or shelving scheme Damaged status Not for loan Collection code Home library Current library Shelving location Date acquired Source of acquisition Cost, normal purchase price Total Checkouts Total Renewals Full call number Barcode Date last seen Date checked out Cost, replacement price Price effective from Koha item type
    Dewey Decimal Classification     Movies Wasatch County Library Wasatch County Library Audio Visual Area 08/01/2014 Amazon 15.95 27 9 DVD Esc 34301001301243 03/05/2026 05/06/2024 15.95 03/20/2020 DVD
This project was made possible through a grant from the Institute of Museum and Library Service administered by the Utah State Library Division.

Wasatch County Library

  • 465 East 1200 South, Heber City, Utah 84032
  • Phone 435-654-1511 | Fax 435-654-6456

Hours

  • Monday - Friday 9:30 AM - 8:00 PM
  • Saturday 9:30 AM - 1:30 PM
  • Closed Sundays and Holidays